Právní formy podnikání

Rozbehnúť vlastný prosperujúci podnik či živnosť nie je jednoduché a prináša mnohé riziká. Podnikatelia podľa obchodného zákonníka, typy podnikateľov. Obchodné spoločnosti. Osobné obchodné spoločnosti. Kapitálové spoločnosti - spoločnosť s ručením obmedzeným, akciová spoločnosť.

Gespeichert in:
Bibliographische Detailangaben
1. Verfasser: Janeba, Jiří
Format: Buchkapitel
Sprache:Tschechisch
Schlagworte:
Tags: Tag hinzufügen
Keine Tags, Fügen Sie das erste Tag hinzu!

MARC

LEADER 00000naa$a2200000$$$4500
001 0076298
005 20230804110538.1
041 0 |a cze 
044 |a CZ 
245 1 0 |a Právní formy podnikání  |c Jiří Janeba 
520 |a Rozbehnúť vlastný prosperujúci podnik či živnosť nie je jednoduché a prináša mnohé riziká. Podnikatelia podľa obchodného zákonníka, typy podnikateľov. Obchodné spoločnosti. Osobné obchodné spoločnosti. Kapitálové spoločnosti - spoločnosť s ručením obmedzeným, akciová spoločnosť. 
610 2 0 |a podnikatelia 
610 2 0 |a živnostníci 
610 2 0 |a spoločnosti obchodné 
610 2 0 |a spoločnosti kapitálové 
610 2 0 |a spoločnosti s r.o. 
610 2 0 |a spoločnosti akciové 
610 2 0 |a sloboda podnikania 
100 1 |a Janeba, Jiří